• 首页
  • 本馆介绍
  • 公告通知
  • 最新文献
  • 馆藏检索
  • 电子资源
  • 读者导购
  • 参考咨询
  • 我的图书馆
  • 登录
  • 详细信息显示
  • 放入我的书架
  • 预约/预借图书
  • 作者相关作品
  • 分类相关作品
  • 丛书相关作品
  • 出版社相关作品

书目信息

  • 表格格式
  • 工作单格式
  • 卡片格式
题名:
医药计算机基础及应用
    
 
作者: 王祚光 主编
分册:  
出版信息: 北京   中国医药科技出版社  2011.05
页数: 262页
开本: 26cm
丛书名:
单 册:
中图分类: R319
科图分类:
主题词: 医药学:基础科学 , 医学人类学
电子资源:
ISBN: 978-7-5067-4971-8
000 00660nam0 2200217 450
001 1136773516
005 20110914101544.09
010    @a978-7-5067-4971-8@dCNY33.00
100    @a20110914d2011 km y0chiy0120 ea
101 0  @achi
102    @aCN@b110000
200 1  @a医药计算机基础及应用@Ayi yao ji suan ji ji chu ji ying yong@f王祚光主编@Fwang zuo guang zhu bian
210    @a北京@c中国医药科技出版社@d2011.05
215    @a262页@d26cm
300    @a全国医药中等职业教育药学类规划教材
606 0  @a医药学:基础科学
606 0  @a医学人类学
690    @aR319@v5
701  0 @a王祚光@Awang zuo guang@4主编
801  0 @aCN@bNISOFT@c20110914
905    @aBZT@dR319@e4
    
    医药计算机基础及应用/王祚光主编.-北京:中国医药科技出版社,2011.05
    262页;26cm
    全国医药中等职业教育药学类规划教材
    
    ISBN 978-7-5067-4971-8:CNY33.00
    
●
相关链接 在五车中查询图书 在当当中查询图书 在豆瓣中查询图书


正题名:医药计算机基础及应用     索取号:R319/4         预约/预借

序号 登录号 条形码 馆藏地/架位号 状态 备注
1 794077   2000794077   样本书库/样003架A面4层3列/ [索取号:R319/4] 在馆    
2 794078   2000794078   中心书库中库/ 中库005架B面3列7层36/ [索取号:R319/4] 在馆    
3 794079   2000794079   中心书库中库/ 中库005架B面3列7层37/ [索取号:R319/4] 在馆    
4 794080   2000794080   中心书库中库/ 中库005架B面3列7层38/ [索取号:R319/4] 在馆    
5 794081   2000794081   中心书库中库/ 中库005架B面3列7层39/ [索取号:R319/4] 在馆    
6 794082   2000794082   中心书库中库/ 中库005架B面3列7层35/ [索取号:R319/4] 在馆    
山东省滨州职业学院图书馆 欢迎您!
大连网信软件有限公司© 版权所有